Statistics for Countries of Europe - Closest Country

Click here to take the quiz!

General Stats

  • This quiz has been taken 89 times
  • The average score is 25 of 45

Answer Stats

COUNTRY CLOSEST COUNTRY % Correct
AndorraFrance
93%
BelgiumLuxembourg
82%
AlbaniaMacedonia
79%
FinlandSweden
79%
EstoniaLatvia
75%
BelarusLithuania
75%
Bosnia and HerzegovinaCroatia
75%
IrelandUnited Kingdom
75%
CroatiaBosnia and Herzegovina
72%
LithuaniaLatvia
69%
LatviaLithuania
68%
NorwaySweden
67%
LuxembourgBelgium
67%
NetherlandsBelgium
65%
Czech RepublicAustria
65%
PortugalSpain
64%
LiechtensteinSwitzerland
64%
IcelandIreland
64%
DenmarkNetherlands
63%
ItalyVatican City
61%
GreeceMacedonia
61%
AustriaSlovenia
60%
FranceSwitzerland
60%
BulgariaMacedonia
54%
MoldovaUkraine
54%
San MarinoItaly
51%
SpainPortugal
50%
MonacoSwitzerland
50%
HungarySlovakia
50%
MacedoniaKosovo
50%
GermanyLuxembourg
49%
Vatican CityItaly
47%
United KingdomIreland
47%
KosovoMontenegro
47%
SwedenFinland
46%
MontenegroKosovo
43%
RomaniaMoldova
40%
PolandSlovakia
40%
MaltaTunisia
39%
SwitzerlandLiechtenstein
36%
SloveniaCroatia
35%
UkraineMoldova
35%
SlovakiaHungary
32%
SerbiaKosovo
25%
RussiaMongolia
22%

Score Distribution

Percentile by Number Answered

Percent of People with Each Score

Your Score History

You have not taken this quiz